000 01014nam a2200193 a 4500
001 16411
005 20180713205335.0
008 140415s1995 sp 000 0 spa d
020 _a8474903599
041 _aspa
082 _a248.25
_bRAT
100 1 _aBenedicto XVI, Papa,.
245 1 0 _aSER CRISTIANO EN LA ERA NEOPAGANA
250 _a1a ed.
260 _aESPAÑA :
_bEDICIONES ENCUENTRO,
_c1995
300 _a205
_c23 x 15 x 1.2
520 _aEUROPA ESTÁ HOY A PUNTO DE VOLVER A SER DE NUEVO PAGANA, PERO ENTRE ESTOS NUEVOS PAGANOS EXISTE TAMBIÉN UNA NUEVA SED DE DIOS QUE A MENUDO ESTÁ MAL ORIENTADA. ESTA SED NO SE APAGA CON SUEÑOS DE UNA NUEVA IGLESIA NI CON UNA IGLESIA QUE PRETENDA RENOVARSE A SÍ MISMA MEDIANTE DISCUSIONES SIN TÉRMINO. CUANDO ES ESTO ÚLTIMO LO QUE SE OFRECE, MUCHOS PREFIEREN REFUGIARSE EN LO ESOTÉRICO, EN LO MÁGICO, ALLÍ DONDE PARECE ABRIRSE LA ATMÓSFERA DEL MISTERIO, DE LO TOTALMENTE OTRO CUANTO MÁS S
650 1 4 _aRELIGION Y MORAL
_xVIDA CRISTIANA
999 _c16411
_d16411